| 000 | 00653nam a2200217 a 4500 | ||
|---|---|---|---|
| 001 | BRCA_7897 | ||
| 005 | 20190320210037.0 | ||
| 008 | 070214s1962----bl-a######---#000-0#spa-# | ||
| 041 | _aspa | ||
| 044 | _abl | ||
| 050 | 4 |
_aNK4670 _b.S26 1962 |
|
| 100 | 1 |
_aSantos Simues, J. M. _919529 |
|
| 245 | 1 | 0 |
_aBreves notas sobre algunos azulejos de Barcelos _cJ. M. Santos Simues. |
| 260 |
_aBarcelos, Brasil _bGrupo Alcaides de Faria _c1962 |
||
| 300 |
_a9 p. _bil., 4 láminas _c24 cm. |
||
| 500 | _aSeparata del ´Boletim do Grupo Alcaides di Faria´, no. 3 | ||
| 500 | _aY173 | ||
| 650 | 1 | 4 |
_aAzulejos brasileños _919530 |
| 902 | _aGFM | ||
| 942 |
_2lcc _cB |
||
| 999 |
_c7569 _d7569 |
||